[Event "AUT-chT2M 2324"]
[Site "Austria"]
[Date "2024.03.17"]
[Round "8.6"]
[White "Hatzl, Johannes"]
[Black "Knoll, Hermann"]
[Result "0-1"]
[WhiteElo "2081"]
[BlackElo "2273"]
[PlyCount "72"]
[EventDate "2023.11.03"]
[EventType "team-tourn"]
[EventRounds "11"]
[EventCountry "AUT"]
[SourceTitle "CB16_2024"]
[SourceDate "2024.04.17"]
[SourceVersion "1"]
[SourceVersionDate "2024.04.17"]
[SourceQuality "1"]
[WhiteTeam "Graz Styria"]
[BlackTeam "Ansfelden Union"]
[WhiteTeamCountry "AUT"]
[BlackTeamCountry "AUT"]

1. e4 e5 2. Nf3 Nc6 3. Bc4 Nf6 4. Ng5 d5 5. exd5 b5 6. Bf1 h6 7. Nf3 Qxd5 8. Nc3 Qc5 9. Bxb5 Bd7 10. 0-0 Be7 11. d3 0-0-0 12. Re1 Bd6 13. Bxc6 Bxc6 14. Be3 Qb4 15. Bd2 Qb7 16. Qe2 Rhe8 17. Ne4 Qxb2 18. Reb1 Qxc2 19. Ne1 Qa4 20. Nxd6+ Rxd6 21. Rb4 Qa6 22. Rab1 Kd7 23. Bc3 h5 24. Qb2 Nd5 25. Bxe5 Rde6 26. Re4 f6 27. Bc3 Rxe4 28. dxe4 Rxe4 29. Rd1 Kc8 30. Nd3 Qc4 31. Ba5 Qa4 32. Re1 Rd4 33. Qd2 Qc4 34. Rc1 Qxd3 35. Qe1 Kb7 36. Rb1+ Nb6 0-1

[Event "AUT-chT2M 2324"]
[Site "Austria"]
[Date "2023.12.03"]
[Round "5.6"]
[White "Knoll, Hermann"]
[Black "Bresch, Manfred"]
[Result "1-0"]
[WhiteElo "2273"]
[BlackElo "2017"]
[PlyCount "107"]
[EventDate "2023.11.03"]
[EventType "team-tourn"]
[EventRounds "11"]
[EventCountry "AUT"]
[SourceTitle "CB16_2024"]
[SourceDate "2024.04.17"]
[SourceVersion "1"]
[SourceVersionDate "2024.04.17"]
[SourceQuality "1"]
[WhiteTeam "Ansfelden Union"]
[BlackTeam "Villach Admira"]
[WhiteTeamCountry "AUT"]
[BlackTeamCountry "AUT"]

1. d4 d5 2. Nf3 Nf6 3. c4 e6 4. Nc3 Be7 5. Bf4 c6 6. e3 Nbd7 7. c5 Nh5 8. Bd3 Nxf4 9. exf4 Qc7 10. g3 b6 11. b4 a5 12. a3 bxc5 13. bxc5 Ba6 14. 0-0 Bxd3 15. Qxd3 0-0 16. Rfe1 Bf6 17. Na4 g6 18. Rab1 Rfb8 19. Kg2 Qa7 20. h4 Bd8 21. h5 Rxb1 22. Rxb1 Rb8 23. hxg6 hxg6 24. Rxb8 Nxb8 25. Ne5 Kg7 26. Qb1 Bc7 27. Qh1 Bxe5 28. fxe5 Qb7 29. Qh4 Qb3 30. Qf6+ Kg8 31. Nb6 Qd3 32. Qd8+ Kg7 33. Qf6+ Kg8 34. Nc8 Nd7 35. Qf4 Qe4+ 36. Qxe4 dxe4 37. Ne7+ Kf8 38. Nxc6 a4 39. Kf1 Ke8 40. Ke2 f5 41. Ke3 g5 42. g4 Nf8 43. gxf5 exf5 44. d5 Nd7 45. Kd4 f4 46. Kxe4 Nxc5+ 47. Kf5 Nd3 48. e6 f3 49. d6 Nc5 50. d7+ Nxd7 51. exd7+ Kxd7 52. Ne5+ Kd6 53. Nc4+ Kc5 54. Nb2 1-0

[Event "AUT-chT2M 2122"]
[Site "Austria"]
[Date "2022.03.26"]
[Round "8.5"]
[White "Frosch, Erich"]
[Black "Knoll, Hermann"]
[Result "1/2-1/2"]
[WhiteElo "2185"]
[BlackElo "2325"]
[PlyCount "63"]
[EventDate "2021.10.01"]
[EventType "team-tourn"]
[EventRounds "11"]
[EventCountry "AUT"]
[SourceTitle "EXT 2023"]
[Source "ChessBase"]
[SourceDate "2022.10.05"]
[SourceVersion "1"]
[SourceVersionDate "2022.10.05"]
[SourceQuality "1"]
[WhiteTeam "Gleisdorf"]
[BlackTeam "Ansfelden Union"]
[WhiteTeamCountry "AUT"]
[BlackTeamCountry "AUT"]

1. d4 f5 2. g3 Nf6 3. Bg2 e6 4. Nc3 d5 5. Nf3 c6 6. 0-0 Bd6 7. Bf4 Bxf4 8. gxf4 Nbd7 9. e3 0-0 10. b4 Ne4 11. Nxe4 fxe4 12. Ne5 Nxe5 13. fxe5 Qg5 14. a4 Bd7 15. f4 exf3 16. Rxf3 Rxf3 17. Qxf3 Rf8 18. Qg3 Qxg3 19. hxg3 h5 20. a5 g5 21. Rf1 Be8 22. Bh3 g4 23. Rxf8+ Kxf8 24. Bf1 Bg6 25. c4 Be4 26. c5 Ke7 27. Kf2 Kd8 28. b5 cxb5 29. Bxb5 Bg6 30. Bf1 Kc7 31. Bb5 a6 32. Ba4 1/2-1/2

[Event "AUT-chT2M 2122"]
[Site "Austria"]
[Date "2021.10.22"]
[Round "4.5"]
[White "Meyer, Gordon"]
[Black "Knoll, Hermann"]
[Result "1-0"]
[WhiteElo "2193"]
[BlackElo "2325"]
[PlyCount "78"]
[EventDate "2021.10.01"]
[EventType "team-tourn"]
[EventRounds "11"]
[EventCountry "AUT"]
[SourceTitle "EXT 2023"]
[Source "ChessBase"]
[SourceDate "2022.10.05"]
[SourceVersion "1"]
[SourceVersionDate "2022.10.05"]
[SourceQuality "1"]
[WhiteTeam "Steyregg"]
[BlackTeam "Ansfelden Union"]
[WhiteTeamCountry "AUT"]
[BlackTeamCountry "AUT"]

1. e4 e5 2. Bc4 Nf6 3. d3 Nc6 4. Nf3 Bc5 5. c3 a6 6. 0-0 Ba7 7. a4 d6 8. Be3 0-0 9. Nbd2 Ne7 10. Bxa7 Rxa7 11. d4 Ng6 12. Re1 c6 13. dxe5 dxe5 14. a5 b5 15. axb6 Qxb6 16. Qb3 Qc5 17. Qa3 Qb6 18. Qa5 Qb8 19. b4 Ne8 20. Qc5 Kh8 21. Nxe5 Qxe5 22. Qxa7 Qxc3 23. Qe3 Qxb4 24. Bxa6 Be6 25. Rec1 Nf6 26. Rxc6 Rd8 27. Rc2 Ng4 28. Qg3 h5 29. Nc4 Ra8 30. Qd6 Qb3 31. Rac1 Nf6 32. Qc6 Rd8 33. Ne3 Rd4 34. Bc4 Bxc4 35. Rxc4 Rd8 36. h3 Rd2 37. Qc8+ Kh7 38. Qf5 Qb8 39. Nd5 Ng8 1-0

[Event "AUT-chT2M 2122"]
[Site "Austria"]
[Date "2021.10.02"]
[Round "2.4"]
[White "Knoll, Hermann"]
[Black "Hellmayr, Alois"]
[Result "1-0"]
[WhiteElo "2325"]
[BlackElo "2214"]
[PlyCount "39"]
[EventDate "2021.10.01"]
[EventType "team-tourn"]
[EventRounds "11"]
[EventCountry "AUT"]
[SourceTitle "CBM 204 Extra"]
[Source "ChessBase"]
[SourceDate "2021.11.30"]
[SourceVersion "1"]
[SourceVersionDate "2021.11.30"]
[SourceQuality "1"]
[WhiteTeam "Ansfelden Union"]
[BlackTeam "Sauwald"]
[WhiteTeamCountry "AUT"]
[BlackTeamCountry "AUT"]

1. e4 c5 2. Nf3 Nc6 3. Bb5 g6 4. 0-0 Bg7 5. c3 Nf6 6. Re1 0-0 7. h3 a6 8. Bf1 d6 9. d4 cxd4 10. cxd4 d5 11. e5 Ne4 12. Nc3 Nxc3 13. bxc3 Na5 14. Bg5 Be6 15. Qa4 Re8 16. Rad1 Rc8 17. Qb4 Qc7 18. Re3 Bf8 19. Bf4 Bd7 20. e6 1-0

[Event "AUT-chT 1920"]
[Site "Austria"]
[Date "2019.10.12"]
[Round "3.5"]
[White "Wagner, Dennis"]
[Black "Knoll, Hermann"]
[Result "1-0"]
[WhiteElo "2565"]
[BlackElo "2336"]
[PlyCount "121"]
[EventDate "2019.10.10"]
[EventType "team-tourn"]
[EventRounds "11"]
[EventCountry "AUT"]
[SourceTitle "EXT 2020"]
[Source "ChessBase"]
[SourceDate "2019.10.17"]
[SourceVersion "1"]
[SourceVersionDate "2019.10.17"]
[SourceQuality "1"]
[WhiteTeam "Jenbach"]
[BlackTeam "Ansfelden"]
[WhiteTeamCountry "AUT"]
[BlackTeamCountry "AUT"]

1. d4 Nf6 2. c4 e6 3. g3 c5 4. Nf3 cxd4 5. Nxd4 d5 6. Bg2 e5 7. Nf3 d4 8. 0-0 Nc6 9. e3 Bc5 10. exd4 exd4 11. Qe1+ Be6 12. Ng5 0-0 13. Nxe6 fxe6 14. Bxc6 bxc6 15. b4 Be7 16. Qxe6+ Kh8 17. a3 a5 18. Bb2 axb4 19. axb4 Rxa1 20. Bxa1 Bxb4 21. Qxc6 d3 22. Bc3 Qa5 23. Qd6 Bxd6 24. Bxa5 Bc5 25. Nd2 Ng4 26. Kg2 Re8 27. h3 Nf6 28. Nb3 Rc8 29. Re1 Bf8 30. Nd2 Kg8 31. Re3 Ra8 32. Bc3 Rd8 33. f4 Bc5 34. Re5 Bd6 35. Re3 Bc5 36. Re5 Bd6 37. Re1 Kf7 38. Kf3 Ra8 39. Rb1 Ra7 40. Rb3 Rc7 41. Bxf6 gxf6 42. Ke4 h5 43. Rb5 h4 44. gxh4 Re7+ 45. Kf5 Re2 46. Ne4 Be7 47. Rd5 Rc2 48. c5 d2 49. Rxd2 Rxd2 50. Nxd2 Bxc5 51. Ne4 Bd4 52. h5 Kg7 53. Ke6 Bb2 54. Nxf6 Kh6 55. Kf5 Ba1 56. Ke6 Bb2 57. f5 Ba1 58. Ng4+ Kxh5 59. Ne5 Bb2 60. f6 Kh4 61. f7 1-0

[Event "AUT-chT 1920"]
[Site "Austria"]
[Date "2019.10.11"]
[Round "2.3"]
[White "Knoll, Hermann"]
[Black "Ruck, Robert"]
[Result "1/2-1/2"]
[WhiteElo "2336"]
[BlackElo "2530"]
[PlyCount "158"]
[EventDate "2019.10.10"]
[EventType "team-tourn"]
[EventRounds "11"]
[EventCountry "AUT"]
[SourceTitle "EXT 2020"]
[Source "ChessBase"]
[SourceDate "2019.10.17"]
[SourceVersion "1"]
[SourceVersionDate "2019.10.17"]
[SourceQuality "1"]
[WhiteTeam "Ansfelden"]
[BlackTeam "Fuerstenfeld"]
[WhiteTeamCountry "AUT"]
[BlackTeamCountry "AUT"]

1. d4 Nf6 2. Nf3 e6 3. c4 d5 4. Nc3 Bb4 5. e3 0-0 6. Bd3 c5 7. 0-0 cxd4 8. exd4 dxc4 9. Bxc4 b6 10. Qe2 Bb7 11. Rd1 Bxc3 12. bxc3 Qc7 13. Bd3 Qxc3 14. Bg5 Nbd7 15. Rac1 Qa5 16. Ne5 Qd5 17. Nf3 Rac8 18. Qb2 Qd6 19. Ne5 Rxc1 20. Bxc1 Rc8 21. Nc4 Qc6 22. Ne3 Qc3 23. Qb1 Nf8 24. Bb2 Qc7 25. Rc1 Qd7 26. Rd1 Nd5 27. Rc1 Rxc1+ 28. Qxc1 Nf4 29. Bf1 N8g6 30. f3 Qc6 31. Qxc6 Bxc6 32. Kf2 Nd5 33. Nxd5 Bxd5 34. a3 Ne7 35. Ke3 Nf5+ 36. Kd2 Kf8 37. Be2 Ke7 38. g4 Nd6 39. Kc3 Kd7 40. Bc1 Kc6 41. a4 Kd7 42. Bf4 Bc6 43. Kb4 Ne8 44. a5 Nc7 45. Bd2 Nd5+ 46. Kb3 bxa5 47. Bxa5 Nf4 48. Bd1 Bb5 49. Bd2 Nd5 50. f4 Bd3 51. Bf3 Ne7 52. Kb4 f5 53. gxf5 Nxf5 54. Kc5 Nd6 55. d5 Be4 56. dxe6+ Kxe6 57. Bg4+ Bf5 58. Bf3 g6 59. Bd5+ Kd7 60. Bc6+ Ke7 61. Bb4 Nc8 62. Be1 Be6 63. Bh4+ Kf7 64. Bd8 Ne7 65. Be4 Ke8 66. Ba5 Kd7 67. Bd3 Ke8 68. Be4 Kf7 69. Bd8 Bf5 70. Bf3 Ke6 71. Be2 Kd7 72. Ba5 Be4 73. Bg4+ Ke8 74. Kd6 Kf7 75. Be6+ Kf8 76. Bb4 Ke8 77. Bd7+ Kf7 78. Be6+ Ke8 79. Bd7+ Kf7 1/2-1/2

[Event "Kirchberg Land-ch"]
[Site "Kirchberg"]
[Date "2019.04.20"]
[Round "9"]
[White "Knoll, Hermann"]
[Black "Charaus, Florian"]
[Result "1-0"]
[WhiteElo "2348"]
[BlackElo "2060"]
[PlyCount "99"]
[EventDate "2019.04.12"]
[EventType "tourn"]
[EventRounds "9"]
[EventCountry "AUT"]
[SourceTitle "CBM 190 Extra"]
[Source "ChessBase"]
[SourceDate "2019.07.15"]
[SourceVersion "1"]
[SourceVersionDate "2019.07.15"]
[SourceQuality "1"]

1. Nf3 Nf6 2. g3 g6 3. Bg2 Bg7 4. 0-0 0-0 5. d3 d6 6. c4 Nc6 7. Nc3 e5 8. Rb1 a5 9. a3 Ne7 10. b4 axb4 11. axb4 c6 12. Bb2 Ne8 13. Qb3 h6 14. Ra1 Rb8 15. Nd2 Be6 16. b5 f5 17. Ra7 Nf6 18. bxc6 bxc6 19. Rb7 Qc8 20. Rxb8 Qxb8 21. Qxb8 Rxb8 22. Ba3 Ne8 23. Rb1 Rxb1+ 24. Ndxb1 Kf7 25. Kf1 Bd7 26. e3 Be6 27. Nd2 g5 28. Na4 Bf6 29. Nb6 h5 30. Nb3 g4 31. Na5 c5 32. Nb7 Ng6 33. Bc6 Be7 34. Ke2 Nf6 35. d4 cxd4 36. exd4 d5 37. Bb2 f4 38. cxd5 f3+ 39. Kf1 Bf5 40. dxe5 Bd3+ 41. Kg1 Ne4 42. h4 Nf4 43. gxf4 Nxf2 44. e6+ Kg6 45. Kxf2 Bxh4+ 46. Ke3 f2 47. e7 f1N+ 48. Kxd3 Bxe7 49. d6 Bh4 50. d7 1-0

[Event "Kirchberg Land-ch"]
[Site "Kirchberg"]
[Date "2019.04.19"]
[Round "8"]
[White "Ly, Dominik"]
[Black "Knoll, Hermann"]
[Result "1/2-1/2"]
[WhiteElo "2227"]
[BlackElo "2348"]
[PlyCount "61"]
[EventDate "2019.04.12"]
[EventType "tourn"]
[EventRounds "9"]
[EventCountry "AUT"]
[SourceTitle "CBM 190 Extra"]
[Source "ChessBase"]
[SourceDate "2019.07.15"]
[SourceVersion "1"]
[SourceVersionDate "2019.07.15"]
[SourceQuality "1"]

1. Nf3 Nf6 2. c4 e6 3. b3 d5 4. Bb2 Be7 5. e3 0-0 6. Be2 b6 7. 0-0 Bb7 8. Nc3 c5 9. d4 dxc4 10. Bxc4 Nc6 11. dxc5 Bxc5 12. Qe2 Qe7 13. Ba6 Bxa6 14. Qxa6 Nb4 15. Qe2 Rfd8 16. Rfd1 Rxd1+ 17. Rxd1 Rd8 18. h3 Rxd1+ 19. Qxd1 Qd7 20. Qxd7 Nxd7 21. Ne1 Nf6 22. Kf1 Kf8 23. Ke2 Ke7 24. Nd3 Nxd3 25. Kxd3 Kd7 26. Ne2 Ne8 27. f3 f6 28. Nc3 Kc6 29. Ne4 Be7 30. Bd4 Nd6 31. Nxd6 1/2-1/2

[Event "AUT-ch"]
[Site "Vienna"]
[Date "2018.07.26"]
[Round "6"]
[White "Pacher, Simon"]
[Black "Knoll, Hermann"]
[Result "0-1"]
[WhiteElo "2097"]
[BlackElo "2338"]
[PlyCount "94"]
[EventDate "2018.07.22"]
[EventType "swiss"]
[EventRounds "9"]
[EventCountry "AUT"]
[SourceTitle "CBM 185 Extra"]
[Source "ChessBase"]
[SourceDate "2018.07.29"]
[SourceVersion "1"]
[SourceVersionDate "2018.07.29"]
[SourceQuality "1"]

1. e4 e5 2. Nf3 Nc6 3. Bb5 a6 4. Bxc6 dxc6 5. 0-0 Be6 6. Nc3 f6 7. d4 exd4 8. Nxd4 Bc4 9. Re1 c5 10. Nf5 Qxd1 11. Rxd1 g6 12. Ne3 Be6 13. Ned5 0-0-0 14. Be3 g5 15. Rd2 Re8 16. a4 b6 17. e5 fxe5 18. Bxg5 Bh6 19. h4 Bxg5 20. hxg5 Bf5 21. Ne3 Bg6 22. Re1 h6 23. gxh6 Nxh6 24. Nc4 Nf7 25. Rde2 Rd8 26. Nb1 Rh4 27. Nba3 e4 28. Re3 Rdh8 29. f3 exf3 30. Rxf3 Ng5 31. Rg3 Rh1+ 32. Kf2 Ne4+ 33. Rxe4 Bxe4 34. Ne3 Bc6 35. b3 R1h4 36. Nac4 Rf8+ 37. Kg1 Re4 38. Rg6 Be8 39. Rg3 Bd7 40. Nd2 Ree8 41. Ndc4 Rg8 42. Rf3 Bc6 43. Rf6 Bb7 44. Rf5 Rg3 45. Kf2 Reg8 46. Ne5 Bxg2 47. N5g4 R3xg4 0-1

[Event "AUT-chT2M 1718"]
[Site "Austria"]
[Date "2018.02.10"]
[Round "8.4"]
[White "Hartl, Daniel"]
[Black "Knoll, Hermann"]
[Result "0-1"]
[WhiteElo "2273"]
[BlackElo "2321"]
[PlyCount "106"]
[EventDate "2017.10.27"]
[EventType "team-tourn"]
[EventRounds "11"]
[EventCountry "AUT"]
[SourceTitle "EXT 2019"]
[Source "ChessBase"]
[SourceDate "2018.10.10"]
[SourceVersion "1"]
[SourceVersionDate "2018.10.10"]
[SourceQuality "1"]
[WhiteTeam "Maria Saal II"]
[BlackTeam "Ansfelden"]
[WhiteTeamCountry "AUT"]
[BlackTeamCountry "AUT"]

1. d4 f5 2. c4 Nf6 3. Nf3 g6 4. g3 Bg7 5. Bg2 0-0 6. 0-0 d6 7. Nc3 Qe8 8. e4 Nxe4 9. Nxe4 fxe4 10. Ng5 Nc6 11. Be3 e5 12. d5 Nd4 13. Nxe4 Bf5 14. h3 Qd7 15. Kh2 Bxe4 16. Bxe4 Rf7 17. Kg2 Raf8 18. Rc1 Kh8 19. b4 Nf5 20. Qd3 Qa4 21. a3 b6 22. Rc2 a5 23. b5 Nxe3+ 24. Qxe3 Rf3 25. Qxf3 Rxf3 26. Kxf3 Qxa3+ 27. Kg2 Bf6 28. Rd1 Kg7 29. Rd3 Qa1 30. Rdc3 Bg5 31. h4 Bd2 32. Rd3 Bb4 33. Rb3 Bc5 34. Rbb2 a4 35. Bd3 a3 36. Ra2 Qd4 37. Bf1 Qe4+ 38. Kh2 Qf3 39. Rd2 Qb3 40. Ra1 e4 41. Rda2 Kf6 42. Kh3 h5 43. Kh2 Ke5 44. Kh3 Kf6 45. Kh2 g5 46. hxg5+ Kxg5 47. Be2 h4 48. Bf1 Qf3 49. gxh4+ Kxh4 50. Kg1 e3 51. Bg2 exf2+ 52. Kh1 Qe3 53. Bf1 Kg3 0-1

[Event "AUT-chT2M 1718"]
[Site "Austria"]
[Date "2017.11.24"]
[Round "4.5"]
[White "Wiesinger, Robert"]
[Black "Knoll, Hermann"]
[Result "0-1"]
[WhiteElo "2206"]
[BlackElo "2319"]
[PlyCount "70"]
[EventDate "2017.10.27"]
[EventType "team-tourn"]
[EventRounds "11"]
[EventCountry "AUT"]
[SourceTitle "CBM 181 Extra"]
[Source "ChessBase"]
[SourceDate "2017.12.12"]
[SourceVersion "1"]
[SourceVersionDate "2017.12.12"]
[SourceQuality "1"]
[WhiteTeam "Steyregg"]
[BlackTeam "Ansfelden"]
[WhiteTeamCountry "AUT"]
[BlackTeamCountry "AUT"]

1. e4 c5 2. Nf3 d6 3. d4 cxd4 4. Nxd4 Nf6 5. Nc3 a6 6. Be2 e5 7. Nb3 Be6 8. Bg5 Nbd7 9. 0-0 h6 10. Bxf6 Nxf6 11. Qd3 Be7 12. Nd5 Bxd5 13. exd5 0-0 14. c4 a5 15. Rfd1 a4 16. Nd2 Nd7 17. b4 axb3 18. axb3 Rxa1 19. Rxa1 f5 20. b4 e4 21. Qb3 Bf6 22. Rc1 Bd4 23. Rd1 Qb6 24. c5 dxc5 25. Nc4 Qf6 26. bxc5 Nxc5 27. Qh3 f4 28. Nd2 Kh8 29. Bc4 Re8 30. Kf1 Bxf2 31. Kxf2 Qd4+ 32. Kf1 e3 33. Qh5 Re5 34. Qe2 exd2 35. Rxd2 Qc3 0-1

[Event "AUT-chT2M 1718"]
[Site "Austria"]
[Date "2017.10.29"]
[Round "3.3"]
[White "Kostic, Vladimir G"]
[Black "Knoll, Hermann"]
[Result "1/2-1/2"]
[WhiteElo "2344"]
[BlackElo "2318"]
[PlyCount "109"]
[EventDate "2017.10.27"]
[EventType "team-tourn"]
[EventRounds "11"]
[EventCountry "AUT"]
[SourceTitle "CBM 181 Extra"]
[Source "ChessBase"]
[SourceDate "2017.12.12"]
[SourceVersion "1"]
[SourceVersionDate "2017.12.12"]
[SourceQuality "1"]
[WhiteTeam "Pinggau Friedberg"]
[BlackTeam "Ansfelden"]
[WhiteTeamCountry "AUT"]
[BlackTeamCountry "AUT"]

1. e4 e5 2. Nf3 Nc6 3. d4 exd4 4. Nxd4 Bc5 5. Nb3 Bb4+ 6. c3 Be7 7. Bc4 Nf6 8. Bf4 d6 9. N1d2 0-0 10. 0-0 Ne5 11. Be2 Ng6 12. Bg3 Re8 13. f4 Bf8 14. Bf3 c6 15. Re1 d5 16. e5 Nd7 17. Nd4 c5 18. e6 Nf6 19. exf7+ Kxf7 20. f5 Rxe1+ 21. Qxe1 cxd4 22. fxg6+ hxg6 23. cxd4 Be6 24. Nb3 Rc8 25. Rc1 Rc4 26. Bf2 b6 27. Qe2 Qc8 28. Qf1 Kg8 29. Be2 Rxc1 30. Qxc1 Qxc1+ 31. Nxc1 Ne4 32. Be3 Bd6 33. Nd3 g5 34. h3 Kf7 35. a3 Kf6 36. g4 Bd7 37. Kg2 Bb5 38. Nc1 Be8 39. Kf3 Bg6 40. Ba6 Ng3 41. Ne2 Be4+ 42. Kf2 Nxe2 43. Bxe2 Bf4 44. Bxf4 gxf4 45. h4 g5 46. h5 Kg7 47. Bb5 Kh6 48. b4 Kg7 49. a4 Kh6 50. a5 Bc2 51. axb6 axb6 52. Bd7 Bb3 53. Ke1 Bc4 54. Bf5 b5 55. Kf2 1/2-1/2